Quick Pick: Colors in German Quiz Stats

 Plays Quiz Updated Mar 19, 2018

Score 0/9 Timer 01:30
2 Plays Today
% Correct
Orange
97.5%
Blau
96.3%
Braun
96.1%
Rot
95.6%
Grün
93.8%
Weiß
89.8%
Lila
84.6%
Schwarz
77.6%
Gelb
70.9%

Today's Daily Dose

Missing Word
Arizona A-Z

Word Ladder
Greek Letters II

Get the Picture
US National Parks

You're not logged in!

Compare scores with friends on all Sporcle quizzes.
OR
Log In

You Might Also Like...

Show Comments

Extras

Top Quizzes Today


Score Distribution

Your Account Isn't Verified!

In order to create a playlist on Sporcle, you need to verify the email address you used during registration. Go to your Sporcle Settings to finish the process.

Report this User

Report this user for behavior that violates our Community Guidelines.

Details: